| 000 | 00478nam a22001577a 4500 | ||
|---|---|---|---|
| 003 | OSt | ||
| 005 | 20220207152716.0 | ||
| 008 | 220207b |||||||| |||| 00| 0 eng d | ||
| 040 | _cHU | ||
| 082 | _a549.114 | ||
| 100 |
_aPEARI RICHARD M. _929828 |
||
| 245 | _aHOW TO KNOW THE MINERALS & ROCKS | ||
| 260 |
_aNEW YORK _bMcGraw-Hill Book Company, Inc. _c1955 |
||
| 300 |
_aIV, 192p. _b46 full-color photographs, 125 identified minerals & rocks , pc _c24cm. |
||
| 942 |
_2ddc _cBOOKS _n0 |
||
| 999 |
_c29405 _d29405 |
||